000 00982nam0a22002771 4500
001 v19\rc\1757433
005 20061204155402.6
035 _a(NLR Aleph) 004859276
090 _a4995081
_c4995081
100 _a20061204d1903 |||y0rusy50 ca
101 0 _arus
102 _aRU
105 _ak z |||||
200 1 _aРуководство для учета стоимости изделий заводов
_eС прил. образцов табл. и бланков
_fСост. Густав Карлович Генар
205 _a1-е изд.
210 _aАлександро-Полонск
_cтип. бр. Грилихес
_d1903
215 _a43, [11] с., 1 л. бланк.
_cбланк.
_d24
700 1 _aГенар
_bГ. К.
_gГустав Карлович
_4220
801 0 _aRU
_bNLR
_gpsbo
801 0 _aRU
_bRuMoRGB
_2psbo
801 1 _aRU
_bProSoft-M
_2rusmarc
852 _aNLR
_j34.83.7.400
899 _aRuMoRGB
_jL 9/87
899 _aБАН
942 _cBOOK
980 _aNB